Mistrzowie San Marino w piłce nożnej - nagła śmierć - Statystyki

Ogólne statystyki
  • Ten quiz został rozwiązany 13 razy
  • Średni wynik to 3 z 12
Answers on the Grid
Answers color-coded by a green-red scale on the quiz's grid according to % correct below.
AC Virtus
Folgore Caratese
SS Folgore/Falciano
La Fiorita 1967
SP Cailungo
SS Cosmos
SP Tre Penne
AC Juvenes/Dogana
SS San Giovanni
FC Domagnano
SS Murata
San Marino Calcio
FC Fiorentino
SS Pennarossa
Villa Valle
AC Libertas
SC Faetano
Sanremese Calcio
SP Tre Fiori
Mons Calpe SC
 
Statystyki odpowiedzi
Odpowiedź % Poprawnych
SP Tre Penne
67%
La Fiorita 1967
56%
SP Tre Fiori
44%
AC Virtus
33%
SS Cosmos
33%
FC Domagnano
22%
SS Folgore/Falciano
22%
SS Murata
22%
AC Libertas
11%
Mistrzostwo zdobył jako SS Montevito FC Fiorentino
11%
SC Faetano
11%
SS Pennarossa
11%
Nie znaleziono quizów pasujących do podanych kryteriów
Rozkład punktacji
Procent ludzi z każdym wynikiem
Percentyl według liczby udzielonych odpowiedzi
Twoja historia wyników
Nie rozwiązałeś tego quizu